Loading...
| Fine Arts - Visual | 0 | 6 | 1 | 1 | 55 | 130 | 141.83 | 0 | 4 | 0.00 | 0.00 |
| Science - Chemistry | 1 | 4 | 1 | 1 | 50 | 67 | 109.60 | 2 | 4 | 0.00 | 0.00 |
| Literature - British | 0 | 4 | 1 | 1 | 35 | 110 | 127.75 | 0 | 4 | 0.00 | 0.00 |
| Science - Physics | 0 | 4 | 1 | 0 | 35 | 66 | 103.50 | 1 | 3 | 0.00 | 0.00 |
| Literature - American | 1 | 2 | 0 | 0 | 35 | 58 | 106.00 | 2 | 3 | 0.00 | 0.00 |
| Literature - World | 0 | 3 | 0 | 0 | 30 | 105 | 119.33 | 1 | 2 | 0.00 | 0.00 |
| Fine Arts - Other | 0 | 3 | 1 | 0 | 25 | 109 | 129.33 | 0 | 2 | 0.00 | 0.00 |
| Social Science | 0 | 2 | 0 | 1 | 20 | 75 | 107.50 | 0 | 2 | 0.00 | 0.00 |
| Fine Arts - Auditory | 0 | 2 | 0 | 0 | 20 | 120 | 129.00 | 1 | 2 | 0.00 | 0.00 |
| Science - Biology | 0 | 3 | 2 | 1 | 20 | 69 | 94.00 | 1 | 2 | 0.00 | 0.00 |
| Literature - European | 0 | 2 | 1 | 1 | 15 | 131 | 149.00 | 1 | 1 | 0.00 | 0.00 |
| Philosophy | 0 | 1 | 0 | 0 | 10 | 93 | 93.00 | 1 | 1 | 0.00 | 0.00 |
| Religion | 0 | 1 | 0 | 0 | 10 | 120 | 120.00 | 0 | 1 | 0.00 | 0.00 |
| Current Events | 0 | 1 | 0 | 0 | 10 | 88 | 88.00 | 0 | 1 | 0.00 | 0.00 |
| Other Academic | 0 | 1 | 0 | 0 | 10 | 128 | 128.00 | 0 | 1 | 0.00 | 0.00 |
| Science - Other | 0 | 2 | 2 | 1 | 10 | 133 | 133.00 | 0 | 2 | 0.00 | 0.00 |
| History - European | 0 | 1 | 0 | 0 | 10 | 94 | 94.00 | 0 | 0 | 0.00 | 0.00 |
| History - World | 0 | 1 | 0 | 0 | 10 | 123 | 123.00 | 0 | 0 | 0.00 | 0.00 |